Dopady globálnej ekonomickej krízy na obchodné financovanie
Finančná kríza v čoraz väčšej miere ovplyvňuje aj medzinárodný obchod a obchodné financovanie. Obmedzené zdroje obchodného financovania, kolaps časti svetového obchodu. Perspektívy rozvoja obchodu. Oživenie tradičných nástrojov obchodného financovania. Bazilej II a obchodné financovanie.
Gespeichert in:
| 1. Verfasser: | |
|---|---|
| Format: | Buchkapitel |
| Sprache: | Slowakisch |
| Schlagworte: | |
| Tags: |
Keine Tags, Fügen Sie das erste Tag hinzu!
|
MARC
| LEADER | 00000nla$a2200000$$$4500 | ||
|---|---|---|---|
| 001 | 0111921 | ||
| 005 | 20240502083258.1 | ||
| 041 | 0 | |a slo | |
| 044 | |a CZ | ||
| 245 | 1 | 0 | |a Dopady globálnej ekonomickej krízy na obchodné financovanie |c Eva Jančíková |
| 520 | |a Finančná kríza v čoraz väčšej miere ovplyvňuje aj medzinárodný obchod a obchodné financovanie. Obmedzené zdroje obchodného financovania, kolaps časti svetového obchodu. Perspektívy rozvoja obchodu. Oživenie tradičných nástrojov obchodného financovania. Bazilej II a obchodné financovanie. | ||
| 610 | 2 | 0 | |a obchod |
| 610 | 2 | 0 | |a obchod medzinárodný |
| 610 | 2 | 0 | |a financovanie |
| 610 | 2 | 0 | |a financovanie obchodu zahraničného |
| 610 | 2 | 0 | |a kríza finančná |
| 610 | 2 | 0 | |a kríza hospodárska |
| 610 | 2 | 0 | |a Svetová obchodná organizácia |
| 100 | 1 | |a Jančíková, Eva, 1960- | |